Dobrá splátka z dlhu

Podrobná bibliografia
Hlavný autor: Petrík, Ján, 1957- (Autor)
Médium: Článok
Jazyk:slovenčina
Predmet:

MARC

LEADER 00000nab a2200000 a 4500
001 vtls000410533
003 SK-MaSNL
005 20260305043319.0
008 230313c1991 xo 0 slo
015 |a SNBRB19rr/mm-uuuuu 
035 |a CL0410657 
035 |a urn:nbn:sk:snk-abblkw 
035 |a (urnnbn)urn:nbn:sk:snk:ar-002prp 
035 |a (uuid)d6b192b7-f4b0-4b26-9b17-c88fa1474fc3 
040 |a SNKBUCL  |b slo  |c SNKBUCL  |e AACR2 
041 0 |a slo 
044 |a xo  |c SK 
080 |a 82.09:885.4 (497.1)-1(082)(048)  |2 1981 
080 |a 885.4 (497.1)-1(082)(048)  |2 1981 
100 1 |a Petrík, Ján,  |d 1957-  |4 aut  |9 13965 
245 1 0 |a Dobrá splátka z dlhu  |c Ján Petrík 
500 |a V rubrike Recenzie 
650 0 7 |a slovenská poézia  |2 snkbucl  |9 215422 
650 0 7 |a antológie  |2 snkbucl  |9 102524 
651 7 |a Juhoslávia  |2 snkbucl  |9 22118 
655 7 |a recenzie  |2 snkbucl  |9 21907 
655 7 |a články z novín a časopisov  |2 snkbucl  |9 267496 
773 0 |t Dotyky  |g Roč. 3, č. 1 (1991), s. 41 
787 0 8 |i Rec.:  |t Súčasne  |d Bratislava : Smena, 1990 
850 |a Slovenská národná knižnica v Martine  |a MTA001 
852 |a SNK  |b KIS3GCP 
954 |a odborná, vedecká literatúra pôvodná (slovenská)  |2 lita 
958 |a OND 
958 |a RK 
958 |a LX 
958 |a EUIPO 
958 |a article15 
992 |a RBX 
999 |c 3352849  |d 3354779